000 01273 a2200241 4500
003 Nust
005 20221012175703.0
010 _a 98160277
020 _a1562764306 :
035 _a(OCoLC)36067556
040 _cNust
082 0 0 _a005.4469,SCO
100 1 _aScott, Richard P.
_9100062
245 1 0 _aWindows NT 4 workstation quickstart /
_cRichard Scott for Logical Operations.
246 1 4 _aMicrosoft Windows NT 4 workstation quickstart
260 _aEmeryville, Calif. :
_bZiff-Davis Press,
_cc1996.
300 _axxi, 286 p. :
_bill ;
_c24 cm. +
_e1 computer disk (3 1/2 in.)
440 0 _aQuickstart
_9100063
505 _aCreating your Work Folder (Page-1), Welcome to Windows NT 4.0 (Page-9), The Desktop Taskbar, and Start Button (Page-35), Exploring Windows Explorer (Page-61), Exploring windows Explorer (Page-87), Getting Online Help : An Overview (Page-121), Using Windows NT Accessories (Page-145), Customizing Windows NT (Page-185), Sharing Data Among Programs (Page-213), Advanced Windows NT Skills (Page-235), Networking, Telecommunications, and the Internet (Page-263), Installing Windows NT on your Computer (Page-274).
650 0 _aOperating systems (Computers)
710 2 _aLogical Operations, Inc.
_936648
942 _2ddc
_cBK
_k005.4469,SCO
999 _c179772
_d179772